ENGINEERING GRAPHICS WITH OUTOCAD (Record no. 216891)

MARC details
000 -LEADER
fixed length control field 00487nam a22001817a 4500
008 - FIXED-LENGTH DATA ELEMENTS--GENERAL INFORMATION
fixed length control field 260330b |||||||| |||| 00| 0 eng d
020 ## - INTERNATIONAL STANDARD BOOK NUMBER
International Standard Book Number 978-81-203-3783-1
100 ## - MAIN ENTRY--PERSONAL NAME
Personal name KULKARNI, D. M.
245 ## - TITLE STATEMENT
Title ENGINEERING GRAPHICS WITH OUTOCAD
250 ## - EDITION STATEMENT
Edition statement REVISE ED
260 ## - PUBLICATION, DISTRIBUTION, ETC.
Place of publication, distribution, etc. DELHI
Name of publisher, distributor, etc. PHI LEARNING PRIVATE
300 ## - PHYSICAL DESCRIPTION
Extent XI, 326P.
500 ## - GENERAL NOTE
General note INCLUDES INDEX
650 ## - SUBJECT ADDED ENTRY
Topical term or geographic name entry element 1. AUTOCAD 2. ENGINEERING GRAPHICS
700 ## - ADDED ENTRY--PERSONAL NAME
Personal name RASTOGI, A.P.
942 ## - ADDED ENTRY ELEMENTS (KOHA)
Source of classification or shelving scheme Library of Congress Classification
Koha item type Long Loan Book
Holdings
Withdrawn status Lost status Source of classification or shelving scheme Damaged status Not for loan Collection Home library Current library Shelving location Date acquired Inventory number Total checkouts Full call number Barcode Date last seen Copy number Price effective from Koha item type
    Library of Congress Classification     Science & Technology Kisii University Library Kisii University Library On Display 03/30/2026 112429   T 357 .K85 2025 A000720 03/30/2026 1 03/30/2026 Long Loan Book
    Library of Congress Classification     Science & Technology Kisii University Library Kisii University Library On Display 03/30/2026 112430   T 357 .K85 2025 A000718 03/30/2026 2 03/30/2026 Long Loan Book
    Library of Congress Classification     Science & Technology Kisii University Library Kisii University Library On Display 03/30/2026 112431   T 357 .K85 2025 A000715 03/30/2026 3 03/30/2026 Long Loan Book
    Library of Congress Classification     Science & Technology Kisii University Library Kisii University Library On Display 03/30/2026 112432   T 357 .K85 2025 A000716 03/30/2026 4 03/30/2026 Long Loan Book